| 000 | 00911nam a2200229Ia 4500 | ||
|---|---|---|---|
| 999 |
_c36137 _d36137 |
||
| 001 | 2037 | ||
| 003 | GE_BSU | ||
| 005 | 20221007111127.0 | ||
| 008 | 181216s2007ru xx |||||||||||||| ||rus|| | ||
| 040 | _cGE_BSU | ||
| 041 | _arus | ||
| 080 | _a346(075.8) Ж-72 | ||
| 100 |
_aЖилинский,С.Э. _915127 |
||
| 245 |
_aПредпринимательское право : _bПравовая основа предпринимательской деятельности / _cС.Э. Жилинский. |
||
| 250 | _a8-е изд. доп. и перераб. | ||
| 264 |
_aМосква : _bНорма, _c2007. |
||
| 300 | _a941стр.: | ||
| 653 | _aПредпринимательское право | ||
| 653 | _aსამეწარმეო საქმიანობის სამართლებრივი საფუძველი | ||
| 653 | _aსამართალი | ||
| 942 |
_cBK _2udc |
||